Bio-intensive approaches: (Record no. 195772)
[ view plain ]
| 000 -LEADER | |
|---|---|
| fixed length control field | 01068nam a22003497a 4500 |
| 003 - CONTROL NUMBER IDENTIFIER | |
| control field | OSt |
| 020 ## - INTERNATIONAL STANDARD BOOK NUMBER | |
| International Standard Book Number | 9788170196266 |
| 020 ## - INTERNATIONAL STANDARD BOOK NUMBER | |
| International Standard Book Number | 8170196267 |
| 082 ## - DEWEY DECIMAL CLASSIFICATION NUMBER | |
| Classification number | 632.65 |
| Item number | MUJ/BI |
| 245 ## - TITLE STATEMENT | |
| Title | Bio-intensive approaches: |
| Remainder of title | application and effectiveness in the management of plant nematodes, insects and weeds |
| 260 ## - PUBLICATION, DISTRIBUTION, ETC. (IMPRINT) | |
| Place of publication, distribution, etc | New Delhi |
| Name of publisher, distributor, etc | Today and tomorrow's printers and publishes |
| Date of publication, distribution, etc | 2019 |
| 300 ## - PHYSICAL DESCRIPTION | |
| Extent | 678p. |
| 546 ## - LANGUAGE | |
| Language note | English |
| 650 ## - SUBJECT ADDED ENTRY--TOPICAL TERM | |
| Topical term or geographic name as entry element | Plant parasitic nematodes biological control |
| 650 ## - SUBJECT ADDED ENTRY--TOPICAL TERM | |
| Topical term or geographic name as entry element | Nematode management in cotton |
| 650 ## - SUBJECT ADDED ENTRY--TOPICAL TERM | |
| Topical term or geographic name as entry element | Onion thrips |
| 650 ## - SUBJECT ADDED ENTRY--TOPICAL TERM | |
| Topical term or geographic name as entry element | Biosurfactants |
| 650 ## - SUBJECT ADDED ENTRY--TOPICAL TERM | |
| Topical term or geographic name as entry element | Vaccination for edible plants |
| 650 ## - SUBJECT ADDED ENTRY--TOPICAL TERM | |
| Topical term or geographic name as entry element | Coccinellids |
| 650 ## - SUBJECT ADDED ENTRY--TOPICAL TERM | |
| Topical term or geographic name as entry element | Fungal bio control agents |
| 650 ## - SUBJECT ADDED ENTRY--TOPICAL TERM | |
| Topical term or geographic name as entry element | Root-knot nematode infestation in medicinal plants |
| 700 ## - ADDED ENTRY--PERSONAL NAME | |
| Personal name | Mujeebur R Khan |
| 700 ## - ADDED ENTRY--PERSONAL NAME | |
| Personal name | Mukhopadhyay, A N |
| 700 ## - ADDED ENTRY--PERSONAL NAME | |
| Personal name | Pandey, R N |
| 700 ## - ADDED ENTRY--PERSONAL NAME | |
| Personal name | Thakur, M P |
| 700 ## - ADDED ENTRY--PERSONAL NAME | |
| Personal name | Dinesh Singh |
| 700 ## - ADDED ENTRY--PERSONAL NAME | |
| Personal name | Siddiqui, M A |
| 700 ## - ADDED ENTRY--PERSONAL NAME | |
| Personal name | Muhammed Akram |
| 700 ## - ADDED ENTRY--PERSONAL NAME | |
| Personal name | Fayaz A Mohiddin |
| 700 ## - ADDED ENTRY--PERSONAL NAME | |
| Personal name | Ziaul Haque eds. |
| 942 ## - ADDED ENTRY ELEMENTS (KOHA) | |
| Source of classification or shelving scheme | Dewey Decimal Classification |
| Koha item type | Reference Book |
| Lost status | Source of classification or shelving scheme | Damaged status | Not for loan | Collection code | Home library | Current library | Shelving location | Date acquired | Cost, normal purchase price | Total Checkouts | Full call number | Barcode | Date last seen | Koha item type |
|---|---|---|---|---|---|---|---|---|---|---|---|---|---|---|
| Dewey Decimal Classification | Not For Loan | Reference Book | KAU Central Library, Thrissur | KAU Central Library, Thrissur | Reference | 12/04/2021 | 5995.00 | 632.65 MUJ/BI | 231034 | 12/04/2021 | Reference Book |
